000 00701nam a2200241Ia 4500
003 OSt
005 20220926001113.0
006 a|||||r|||| 00| 0
007 ta
008 220923b |||||||| |||| 00| 0 eng d
037 _cGeneral Book
040 _aRTL
_cRTL
_beng
041 _2eng
_aeng
082 _aV2,31p2,N78, L8,18
110 _aINDIA, LOK SABHA (5th session)
_9303435
245 0 _aLok Sabha secretariat
260 _a New Delhi
_bLok sabha debates
_c1978
300 _aiii,418-p
_ccm.
490 _a6th series, vol.xviii-no.23
700 _aINDIA, LOK SABHA (5th session)
_9303436
942 _hV2,31p2,N78, L8,18
_cGB
_2CC
999 _c600510
_d600510